000 03418nam0a2200409 4500
001 RU\NLR\BIBL_A\022606032
005 20260420052357.0
010 _a978-5-8268-2402-3
_923
021 _aRU
_bКН-П-25-038381
_9КН-П-25-3756
035 _a(NLR Aleph) 022606032
090 _a13682409
_c13682409
100 _a20250821d2024 k y0rusy50 ca
101 0 _arus
102 _aRU
105 _aa z 100yy
181 0 _ai3
_baxxe
182 0 _an
200 1 _aПознание и деятельность: от прошлого к настоящему
_eматериалы VI всероссийской междисциплинарной научной конференции (Омск, 14-15 ноября 2024 года)
_fМинистерство просвещения Российской Федерации, Омский государственный педагогический университет
_gответственный редактор: И. П. Геращенко
203 _aТекст
_bвизуальный
_cнепосредственный
210 _aОмск
_cИзд-во ОмГПУ
_d2024
215 _a335 с.
_cил., табл.
_d30
320 _aБиблиогр. в конце ст.
327 1 _aСб. содержит материалы круглых столов, чтений и семинара, загл. которых указаны в содерж. и отражены в дополнительных точках доступа на наименования организаций
606 1 _aОбщественные науки
_jСъезды, совещания и т.п
_91112139
_3RU\NLR\AUTH\66119728
686 1 _aС508.0я431
702 1 _aГеращенко
_bИ. П.
_gИрина Петровна
_4340
711 1 2 _a"Познание и деятельность: от прошлого к настоящему", всероссийская междисциплинарная научная конференция
_d6
_eОмск
_f2024
_92674547
_3RU\NLR\AUTH\880630353
711 1 2 _aОреховские чтения
_d16
_eОмск
_f2024
_92674549
_3RU\NLR\AUTH\880630355
711 1 2 _a"Традиции и инновации в преподавании иностранного языка студентам неязыковых специальностей", круглый стол
_eОмск
_f2024
_92674551
_3RU\NLR\AUTH\880630357
711 1 2 _a"Гидролого-климатические и географические исследования в Западной Сибири, России и мире (научное наследие доктора географических наук И. В. Карнацевича)", круглый стол
_eОмск
_f2024
_92674552
_3RU\NLR\AUTH\880630358
711 1 2 _a"Ответственное отношение современных школьников и студентов к учению", научный семинар
_eОмск
_f2024
_92674553
_3RU\NLR\AUTH\880630359
712 0 2 _4475
_aОмский государственный педагогический университет
_9299812
_3RU\NLR\AUTH\8813404
942 _cBOOK
980 _aNB